[Event "Intra-knightworm78 Competition#1"]
[Site "SchemingMind.com"]
[Date "2024.03.13"]
[Round "-"]
[White "James Reed"]
[Black "Chessibelle"]
[Result "1-0"]
[WhiteCountry "ENG"]
[BlackCountry "ENG"]
[WhiteElo "1295"]
[WhiteRD "92"]
[BlackElo "1043"]
[BlackRD "61"]
[GameID "743097"]

1. e4 e5 2. Nf3 d6 3. d4 d5 4. exd5 e4 5. Ne5 Bf5 6. Bc4 Nf6 7. Nc3 c6 8. dxc6 Nxc6 9. Nxf7 Qd7 10. Nxh8 Na5
11. Bb5 Nc6 12. d5 a6 13. Ba4 Qd6 14. dxc6 bxc6 15. Qxd6 Bxd6 16. Bxc6+ Kf8 17. Bxa8 Kg8 18. Bg5 Nh5 19. Rd1 Bb4 20. Rd8+ Bf8
21. Be7
1-0

[Event "Intra-knightworm78 Competition#1"]
[Site "SchemingMind.com"]
[Date "2024.03.12"]
[Round "-"]
[White "wight knight"]
[Black "Chessibelle"]
[Result "1-0"]
[WhiteCountry "ENG"]
[BlackCountry "ENG"]
[WhiteElo "1226"]
[WhiteRD "63"]
[BlackElo "1029"]
[BlackRD "61"]
[GameID "743098"]

1. e4 e5 2. Bc4 Nf6 3. d3 Be7 4. Bg5 O-O 5. Bxf6 Bxf6 6. Nc3 c6 7. h4 d6 8. g4 a6 9. g5 Be7 10. g6 Be6
11. Bxe6 fxe6 12. gxh7+ Kh8 13. h5 Bg5 14. Qg4 Qe7 15. Nh3 Bh6 16. Rg1 d5 17. f4 Rf7 18. Ng5 Rxf4 19. Qxe6 Qf8 20. Qg8+ Qxg8
21. hxg8=Q+ Kxg8 22. O-O-O Nd7 23. exd5 Rf5 24. Ne4 Rc8 25. Nd6 Bxg5+ 26. Kb1 Rcf8 27. Nxf5 Rxf5 28. dxc6 bxc6 29. c4 Bh6 30. Rg6 Nc5
31. Rxc6 Nb7 32. Rxa6 Rxh5 33. Ra7 Nd6 34. Rf1 Nc8 35. Rff7 Rh1+ 36. Kc2 Rc1+ 37. Kb3 Nd6 38. Rfd7 Nf5 39. Rd5 Ne3 40. Rxe5 Nc2
41. a4 Nd4+ 42. Ka2 g5 43. Ra6 g4 44. Rxh6 g3 45. Rg6+ Kh7 46. Rxg3 Nc2 47. Rh5#
1-0

[Event "Intra-knightworm78 Competition#1"]
[Site "SchemingMind.com"]
[Date "2024.03.11"]
[Round "-"]
[White "Chessibelle"]
[Black "*chessnut*"]
[Result "0-1"]
[WhiteCountry "ENG"]
[BlackCountry "FRA"]
[WhiteElo "1043"]
[WhiteRD "61"]
[BlackElo "1210"]
[BlackRD "91"]
[GameID "743099"]

1. d4 Nf6 2. Nf3 e6 3. Bd2 d6 4. g3 Bd7 5. e3 c5 6. b3 cxd4 7. Nxd4 e5 8. Nf3 Bc6 9. Bg2 a5 10. O-O h6
11. Re1 Ne4 12. Bc1 Qf6 13. Bb2 g5 14. a4 g4 15. Nbd2 gxf3 16. Bxf3 Nxd2 17. Bg2 Nf3+ 18. Bxf3 Bxf3 19. Qd5 Bxd5
0-1

[Event "Intra-knightworm78 Competition#1"]
[Site "SchemingMind.com"]
[Date "2024.03.12"]
[Round "-"]
[White "wight knight"]
[Black "Phillip Beckett"]
[Result "1-0"]
[WhiteCountry "ENG"]
[BlackCountry "ENG"]
[WhiteElo "1226"]
[WhiteRD "63"]
[BlackElo "1450"]
[BlackRD "54"]
[GameID "743100"]

1. e4 e5 2. Bc4 Nf6 3. d3 Nc6 4. f3 Be7 5. c3 d6 6. Bg5 h6 7. Bxf6 Bxf6 8. Qb3 Qe7 9. Nh3 O-O 10. Bb5 Be6
11. Bc4 Bxc4 12. Qxc4 Na5 13. Qa4 Nc6 14. O-O Bg5 15. Nxg5 Qxg5 16. Re1 Kh8 17. g3 f5 18. Na3 fxe4 19. Qxe4 Rad8 20. Qg4 Qxg4
21. fxg4 Rf7 22. Rf1 Rdf8 23. Rxf7 Rxf7 24. Nb5 a6 25. Na3 Rf3 26. Rd1 Ne7 27. Rf1 Rxf1+ 28. Kxf1 Nd5 29. Ke2 Nf6 30. h3 Nd5
31. h4 g6 32. Kf3 Kg7 33. h5 Nb6 34. b3 g5 35. Ke4 Kf6 36. Nc2 Nd7 37. Ne3 Nc5+ 38. Kf3 c6 39. Nf5 Nxd3 40. Nxh6 Nc1
41. Nf5 Nxa2 42. Nxd6 Nxc3 43. Nxb7 Nb5 44. Nc5 Nd4+ 45. Ke4 Ne2 46. Nd7+ Ke6 47. Nxe5 Nxg3+ 48. Kd4 Ne2+ 49. Kd3 Nf4+ 50. Ke4 c5
51. Nd3 Nd5 52. Nxc5+ Kd6 53. Nxa6 Nf6+ 54. Kf5 Nh7 55. Kg6 Nf8+ 56. Kxg5
1-0

[Event "Intra-knightworm78 Competition#1"]
[Site "SchemingMind.com"]
[Date "2024.03.12"]
[Round "-"]
[White "*chessnut*"]
[Black "wight knight"]
[Result "0-1"]
[WhiteCountry "FRA"]
[BlackCountry "ENG"]
[WhiteElo "1202"]
[WhiteRD "89"]
[BlackElo "1226"]
[BlackRD "63"]
[GameID "743101"]

1. c4 e5 2. e4 Bc5 3. Nf3 d6 4. Be2 Bg4 5. Ng1 Bxe2 6. Nxe2 Qf6 7. f3 g5 8. a3 a5 9. a4 Ne7 10. Nbc3 c6
11. Ng3 h5 12. Nce2 h4 13. d3 hxg3 14. Nxg3 d5 15. Bd2 Bb4 16. Bxb4 axb4 17. Qb3 c5 18. exd5 Qf4 19. Ke2 Nf5 20. Ne4 Nd4+
21. Kf2 f5 22. Qd1 fxe4 23. dxe4 Nd7 24. h3 g4 25. h4 g3+ 26. Ke1 Qe3+ 27. Kf1 Qf2#
0-1

[Event "Intra-knightworm78 Competition#1"]
[Site "SchemingMind.com"]
[Date "2024.03.11"]
[Round "-"]
[White "Phillip Beckett"]
[Black "*chessnut*"]
[Result "*"]
[WhiteCountry "ENG"]
[BlackCountry "FRA"]
[WhiteElo "1450"]
[WhiteRD "54"]
[BlackElo "1202"]
[BlackRD "89"]
[GameID "743102"]

1. d4 d5 2. e3 f5 3. Bd3 Nf6 4. Nd2 c6 5. f4 g6 6. Ngf3 e6 7. O-O b5 8. c3 Ng4 9. Qe2 h5 10. h3 a6
11. Ne5 Nxe5 12. fxe5 Bd7 13. Nf3 h4 14. a4 b4 15. Bd2 c5 16. cxb4 c4 17. Bc2 Nc6 18. b5 Na5 19. Bxa5 Qxa5 20. Ng5 Be7
21. Qe1 Qxe1 22. Raxe1 Bxg5 23. bxa6 Rxa6 24. b3 O-O 25. bxc4 dxc4 26. Rf2 Bxa4 27. Bxa4 Rxa4 28. Rc2 f4 29. exf4 Bxf4 30. Rd1 Bg3
31. Rdc1 Rc8 32. Kf1 Rf8+ 33. Kg1 Rf4 34. Rxc4 Ra3 35. Rc8+ Kh7 36. R1c7+ Kh6 37. Rh8+ Kg5 38. Rc1 Rxd4 39. Kf1 Rf4+ 40. Kg1 Re3
41. Re8 Bf2+ 42. Kh2 Rxe5 43. g4 Bg3+ 44. Kg2 Rf2+ 45. Kg1 Rf6 46. Rf1 Re1 47. Rxe1 Bxe1 48. Kh2 Bg3+ 49. Kg2
*